=LDR 00000nam 2200000 4500 =001 INLIS000000000042104 =005 20250303012811 =035 ##$$a 0010-101300000000026 =008 250303################g##########0#ind## =041 ##$$a Ind =082 ##$$a 347.05 =090 ##$$a 347.05, Sur p.2 =100 ##$$a Soeroso,R, S.H =245 1#$$a Praktik Hukum Perdata : $b Tata Cara dan Proses Persidangan /$c R. Soeroso, S.H =260 ##$$a Jakarta :$b Sinar Grafika,$c 1996 =300 ##$$a 142 hlm. ; $c 14x21 cm. =850 ##$$a NBPNMAT =020 ##$$a 979-8061-76-4 =084 ##$$a 347.05 SOE p =990 ##$$a 0001/BPAP-NTB/20142014 =990 ##$$a 0001/BPAP-NTB/2016 =990 ##$$a 0001/BPAP-NTB/2016 =990 ##$$a 02330233 =990 ##$$a 4358.pro 97 =990 ##$$a 4358.pro 97 =990 ##$$a 0001/BPAP-NTB/20142014 =990 ##$$a 0001/BPAP-NTB/20142014 =990 ##$$a 0001/BPAP-NTB/2016 =990 ##$$a 0001/BPAP-NTB/2016 =990 ##$$a 0001/BPAP-NTB/2016 =990 ##$$a 0001/BPAP-NTB/2016